[Event "Khanty-Mansiysk Governor Cup-B 4th"]
[Site "Khanty-Mansiysk"]
[Date "2008.10.16"]
[Round "3"]
[White "Bezgodova, Svetlana"]
[Black "Medvedev, Anton"]
[Result "0-1"]
[WhiteElo "2225"]
[BlackElo "2093"]
[PlyCount "60"]
[EventDate "2008.10.15"]
[EventType "swiss"]
[EventRounds "11"]
[EventCountry "RUS"]
[SourceTitle "EXT 2022"]
[Source "ChessBase"]
[SourceDate "2021.10.06"]
[SourceVersion "1"]
[SourceVersionDate "2021.10.06"]
[SourceQuality "1"]

1. Nf3 d5 2. g3 Nf6 3. Bg2 e6 4. 0-0 Be7 5. d3 0-0 6. Nbd2 c5 7. e4 Nc6 8. e5 Nd7 9. Re1 f6 10. exf6 Bxf6 11. Bh3 Nde5 12. Nxe5 Bxe5 13. c3 Qf6 14. Qe2 Re8 15. Nf3 Bd6 16. Bg5 Qg6 17. d4 e5 18. Bxc8 Raxc8 19. dxe5 Nxe5 20. Be3 Nc4 21. Nh4 Qf7 22. Qg4 Rf8 23. Re2 Rce8 24. Ng2 Ne5 25. Qh3 Nf3+ 26. Kh1 d4 27. Bf4 Rxe2 28. Bxd6 Ng5 29. Qg4 Qxf2 30. Rg1 Nf3 0-1